01050cam a22002653a 4500001000500000005001700005020001800022040002300040050001100063082000800074100002400082245006700106246001800173260003500191300004100226490002300267500003200290505000800322520033600330521002000666521002000686650003000706655003000736700001800766129920230908160708.0 a9780439165730 aEOWcEOWdDLCbeng00aPZ10.3 aFic1 aBetancourt, Jeanne.10aPony-4-sale /cJeanne Betancourt ; illustrated by Paul Bachem.3 aPony for sale aNew York :bScholastic,c2001. a87 pages :bIllustrations ;c20 cm. aPony PalsvBook 30 a"A Little Apple paperback." aK  aAs Pam rides her pony, she happens upon Cloud, Maggie the Magician's pony. Cloud seems skittish and frightened by people. Pam, Anna, and Lulu set out to learn about Cloud's past. The truth they uncover is disturbing, but it may be the key to giving Cloud a better future. Illustrations.Copyright © Libri GmbH. All rights reserved. a520 bLexile  aK bRaz-Plus  0aPoniesvJuvenile fiction. 7aChildren's stories.2lcsh1 aBachem, Paul.